01381nam a22002417a 4500003000900000008004100009020003000050040001200080041001300092080001300105090002000118100002400138245004500162260004300207300002300250520061700273521003000890546001200920650005700932942001200989999001701001952012101018Uzh_bibl260525b |||||||| |||| 00| 0 ukr d a978-0-00-787474-3c100.00 bукр. 2engaeng a821(410) a821(410)bМ 83 a Morpurgo, Michael  aThe Amazing Story of Adolphus TipshText aLondonbHarperCollins Publishersc2005 a190 s.fВ опр. aA heartwarming tale of courage, set against the backdrop of the Second World War, about a deserted village, a lifelong friendship and one very adventurous cat! ‘A master storyteller at his best’ Sunday Times It’s 1943. Lily lives in a seaside village and her life is scarcely touched by the war. Until one day when the villagers are all told to move out of their homes. Soon, the whole area is out of bounds, as the allied forces prepare to invade France. But Tips, Lily’s cat, has other ideas – and returns to the forbidden area. Lily decides to enter the danger zone to look for Tips herself . .  aДля підлітків aукр. aЛітературно-художне видання 2udccBK c17941d17941 00102udc4070aMBdDbMBdDd2026-04-23eПодарованіi80878l0o821(410)p19431r2026-05-25w2026-05-25yBK